Top 10 Joueurs de tennis italiens ATP depuis 1990 - Statistiques

Statistiques générales
  • Ce quiz a été pris 52 fois
  • Le résultat moyen est 4 sur 10
Statistiques - réponses
Points Jetpunk Joueur % Correct
253 Jannik SINNER
100%
44 Lorenzo MUSETTI
85%
61 Fabio FOGNINI
77%
65 Matteo BERRETTINI
77%
20 Lorenzo SONEGO
51%
28 Andrea SEPPI
28%
13 Davide SANGUINETTI
11%
20 Andrea GAUDENZI
9%
18 Filippo VOLANDRI
9%
14 Renzo FURLAN
2%
Aucun quiz correspondant
Distribution des résultats
% des personnes avec chaque résultat
Percentile par nombre de réponses
Votre historique - résultats
Vous n’avez pas pris ce quiz